Senda 8. Libro de Lectura.

Gespeichert in:
Bibliographische Detailangaben
1. Verfasser: de Abreu, María fernanda (VerfasserIn)
Weitere Verfasser: Asensi, Jesús. Autor
Format: Buch
Sprache:Spanisch
Erschienen: Madrid Santillana 1980
Katalog:MANES:  Suchergebnis im Bibliothekskatalog
Schulbuchspezifische Eigenschaften:
Tags: Tag hinzufügen
Keine Tags, Fügen Sie den ersten Tag hinzu!
Hinzugefügt zu:20.05.2019
Geändert in:07.05.2025

MARC

LEADER 00000nam a2200000Ia 4500
003 aOSt
005 20250507133401.0
008 190521s9999 xx 000 0 spa d
561 |5 es-CICE  |3 FMa/EL71  |a España. Centro Internacional de la Cultura Escolar  |k MANES 
999 |c 104521  |d 104521 
040 |c Centro_internacional de la cultura escolar  |a centro_manes 
100 |a de Abreu, María fernanda  |9 31213  |e Autora 
245 1 1 |a Senda 8. Libro de Lectura.  
260 |a Madrid  |b Santillana  |c 1980 
300 |a 367 p.  |c 24.5x18.5 cm 
500 |a Contiene ilustraciones a dos tintas. 
546 |a España 
690 0 |a EyL 
691 0 |a PRI 
700 |9 3145  |a Asensi, Jesús. Autor 
942 |c BK  |2 ddc 
999 |c manes:104521  |d 104521